Statistics for Every Lupe Fiasco Song on the Billboard Hot 100

Click here to take the quiz!

General Stats

  • This quiz has been taken 23 times
    (16 since last reset)
  • The average score is 3 of 12

Answer Stats

#YearSong% Correct
92011The Show Goes On
79%
712013Battle Scars (Guy Sebastian)
64%
782006Kick Push
57%
102008Superstar ft. Matthew Santos
57%
422006Touch The Sky (Kanye West)
21%
892011Words I Never Said ft. Skylar Grey
21%
762012Around My Way (Freedom Ain't Free)
14%
932014Old School Love ft. Ed Sheeran
14%
702011Beautiful Lasers (2 Ways) ft. MDMA
7%
922012Lamborghini Angels
7%
402011Out Of My Head ft. Trey Songz
0%
932009Shining Down ft. Matthew Santos
0%

Score Distribution

Percentile by Number Answered

Percent of People with Each Score

Your Score History

You have not taken this quiz since the last reset